Népzenegyűjtő utam a Lappföldön

Elmentve itt :
Bibliográfiai részletek
Szerző: Szomjas-Schiffert György
Dokumentumtípus: Cikk
Megjelent: 1969
Sorozat:A Magyar Tudományos Akadémia Nyelv- és Irodalomtudományi Osztályának Közleményei
Kulcsszavak:Népzene - lapp, Népdal - lapp
Tárgyszavak:
Online Access:http://misc.bibl.u-szeged.hu/66024
LEADER 00939nab a2200265 i 4500
001 misc66024
005 20240827112033.0
008 240222s1969 hu o 000 hun d
022 |a 0025-0368 
040 |a SZTE Miscellanea Repozitórium  |b hun 
041 |a hun 
100 2 |a Szomjas-Schiffert György 
245 1 0 |a Népzenegyűjtő utam a Lappföldön  |h [elektronikus dokumentum] /  |c  Szomjas-Schiffert György 
260 |c 1969 
300 |a 355-372  |c 23 cm 
300 |a [18] p.  |c 23 cm 
490 0 |a A Magyar Tudományos Akadémia Nyelv- és Irodalomtudományi Osztályának Közleményei 
561 |a Németh Gyula hagyaték 
591 |a NOU 5870; LOU 3832 
650 4 |a Társadalomtudományok 
650 4 |a Szociológia 
650 4 |a Bölcsészettudományok 
650 4 |a Nyelvek és irodalom 
695 |a Népzene - lapp, Népdal - lapp 
856 4 0 |u http://misc.bibl.u-szeged.hu/66024/1/5870_nom.pdf  |z Dokumentum-elérés